| Tag |
First Indicator |
Second Indicator |
Subfields |
| LEADER |
00000cam a2200000 a 4500 |
| 001 |
in00000009236 |
| 005 |
20151007051515.0 |
| 008 |
871204s1987 mx a 00000 eng d |
| 035 |
|
|
|a (OCoLC)17191214
|
| 035 |
|
|
|9 AAA3316AM
|
| 040 |
|
|
|a SDB
|c SDB
|d TXA
|d UtOrBLW
|
| 049 |
|
|
|a TXAM
|c [A12573414]
|
| 050 |
|
4 |
|a S401
|b .C55 1987
|
| 245 |
0 |
0 |
|a CIMMYT's 20th anniversary :
|b a commemoration.
|
| 264 |
|
1 |
|a Mexico, D.F. :
|b International Maize and Wheat Improvement Center,
|c 1987.
|
| 300 |
|
|
|a 49 pages :
|b illustrations ;
|c 18 x 23 cm.
|
| 336 |
|
|
|a text
|b txt
|2 rdacontent
|
| 337 |
|
|
|a unmediated
|b n
|2 rdamedia
|
| 338 |
|
|
|a volume
|b nc
|2 rdacarrier
|
| 500 |
|
|
|a "Cimmyt 20, 1966-1986."
|
| 500 |
|
|
|a "Maize and wheat for the third world."
|
| 610 |
2 |
0 |
|a International Maize and Wheat Improvement Center.
|
| 650 |
|
0 |
|a Corn
|x Research
|z Developing countries.
|
| 650 |
|
0 |
|a Wheat
|x Research
|z Developing countries.
|
| 650 |
|
0 |
|a Corn
|x Societies, etc.
|
| 650 |
|
0 |
|a Wheat
|x Societies, etc.
|
| 710 |
2 |
|
|a International Maize and Wheat Improvement Center.
|
| 740 |
0 |
|
|a CIMMYT'S twentieth anniversary.
|
| 999 |
|
|
|a MARS
|
| 999 |
f |
f |
|s 5e7434d2-9efe-3156-bb84-a2793b4a4019
|i b6700525-cf0a-327d-99f0-f76b5e9b580d
|t 0
|
| 952 |
f |
f |
|p ric
|a Texas A&M University
|b Rellis Campus
|c Joint Library Facility
|d Remote Storage
|t 0
|e S401 .C55 1987
|h Library of Congress classification
|i unmediated -- volume
|m A14812573414
|
| 998 |
f |
f |
|a S401 .C55 1987
|t 0
|l Remote Storage
|